Unified college chemistry / (Record no. 137120)

MARC details
000 -LEADER
fixed length control field 00624nam a22002057a 4500
010 ## - LIBRARY OF CONGRESS CONTROL NUMBER
LC control number A-481329
020 ## - INTERNATIONAL STANDARD BOOK NUMBER
International Standard Book Number 8122403743
035 ## - SYSTEM CONTROL NUMBER
System control number A-481329
037 ## - SOURCE OF ACQUISITION
Source of stock number/acquisition Cen Lib / Ret
040 ## - CATALOGING SOURCE
Original cataloging agency DPL
Language of cataloging En
082 ## - DEWEY DECIMAL CLASSIFICATION NUMBER
Classification number 540
Item number MOR
245 ## - TITLE STATEMENT
Title Unified college chemistry /
Statement of responsibility, etc edited by C. Parmeswara Murthy
260 ## - PUBLICATION, DISTRIBUTION, ETC. (IMPRINT)
Place of publication, distribution, etc New Delhi
Name of publisher, distributor, etc Wiley Eastern Limited
Date of publication, distribution, etc 1991
270 ## - ADDRESS
Address 4835/24 Ansari Road, Daryaganj
City New Delhi
Postal code 110002
300 ## - PHYSICAL DESCRIPTION
Extent v 1. 475p ;
Dimensions 27cm(Hb)
650 ## - SUBJECT ADDED ENTRY--TOPICAL TERM
Topical term or geographic name as entry element Chemistry -- Outlines, syllabi, etc.
650 ## - SUBJECT ADDED ENTRY--TOPICAL TERM
Topical term or geographic name as entry element Chemistry
700 ## - ADDED ENTRY--PERSONAL NAME
Personal name Murthy, C. Parameswara
942 ## - ADDED ENTRY ELEMENTS (KOHA)
Source of classification or shelving scheme Dewey Decimal Classification
Koha item type English Books
Classification part 540
Call number suffix MOO
Holdings
Withdrawn status Lost status Materials specified (bound volume or other part) Damaged status Not for loan Home library Current library Date acquired Source of acquisition Total Checkouts Total Renewals Full call number Barcode Date last seen Date checked out Copy number Price effective from Koha item type
    v 1     Central Library Central Library 17/03/2016 Cen Lib/Ret 2 1 540 MOR A-481329 07/12/2018 22/11/2018 1 17/03/2016 English Books

© Delhi Public Library
Hit Counter
free hit counter